Online
Catalog

La minificción en Santo Domingo : (Record no. 19955)

MARC details
000 -CABECERA
campo de control de longitud fija 01957nam a2200301 i 4500
001 - NÚMERO DE CONTROL
campo de control 000020451
003 - IDENTIFICADOR DEL NÚMERO DE CONTROL
campo de control DO-SdBNP
005 - FECHA Y HORA DE LA ÚLTIMA TRANSACCIÓN
campo de control 20250731131909.0
007 - CAMPO FIJO DE DESCRIPCIÓN FÍSICA--INFORMACIÓN GENERAL
campo de control de longitud fija ta
008 - DATOS DE LONGITUD FIJA--INFORMACIÓN GENERAL
campo de control de longitud fija 250127s2016 dr 000 0 spa d
020 ## - NÚMERO INTERNACIONAL ESTÁNDAR DEL LIBRO
Número Internacional Estándar del Libro 9789945902341
040 ## - FUENTE DE LA CATALOGACIÓN
Centro catalogador/agencia de origen DO-SdBNP
Lengua de catalogación spa
Centro/agencia transcriptor BNPHU
Normas de descripción rda
041 ## - CÓDIGO DE LENGUA
Código de lengua del texto/banda sonora o título independiente spa
082 #4 - NÚMERO DE LA CLASIFICACIÓN DECIMAL DEWEY
Número de clasificación RD863.44
Número de documento/Ítem M665
Número de edición 22
245 03 - MENCIÓN DE TÍTULO
Título La minificción en Santo Domingo :
Resto del título una muestra de escritura posmoderna /
Mención de responsabilidad, etc. selección y prólogo, Lauro Zavala.
264 #4 - PRODUCCIÓN, PUBLICACIÓN, DISTRIBUCIÓN, FABRICACIÓN Y COPYRIGHT
Producción, publicación, distribución, fabricación y copyright Santo Domingo, República Dominicana :
Nombre del de productor, editor, distribuidor, fabricante Editora Nacional,
Fecha de producción, publicación, distribución, fabricación o copyright ©2016.
300 ## - DESCRIPCIÓN FÍSICA
Extensión 179 páginas :
Otras características físicas ilustraciones, retratos ;
Dimensiones 24 cm.
336 ## - TIPO DE CONTENIDO
Término de tipo de contenido texto
Código de tipo de contenido txt
Fuente rdacontent
337 ## - TIPO DE MEDIO
Nombre/término del tipo de medio sin mediación
Código del tipo de medio n
Fuente rdamedia
338 ## - TIPO DE SOPORTE
Nombre/término del tipo de soporte volumen
Código del tipo de soporte nc
Fuente rdacarrier
500 ## - NOTA GENERAL
Nota general Incluye datos biográficos del prologuista en la solapa de la cubierta.
505 ## - NOTA DE CONTENIDO CON FORMATO
Nota de contenido con formato Prólogo. La riqueza de la brevedad, 13.-- Emelda Ramos, 17.-- Yan Fuei Liao, 21.-- Jaime Tatem Brache, 25.-- Eduardo Gautreaux de Windt, 31.-- Camelia Michel, 35.-- Héctor Santana, 41.-- Inés García, 45.-- Iván Payano, 49.-- Bienvenida Mendoza B, 53.-- Bryan Luis, 57.-- Claret Martínez, 61.-- Valentín Amaro, 65.-- Daniel Olivo Polanco Valerio, 71.-- Diego López, 77.-- Eugenio Camacho, 83.-- Jesús Alcedo Sánchez, 89.-- Jimmy Féliz, 97.-- José Luis Moronta, 101.-- José Maximiliano Cimarro, 107.-- Juan José Namnún Tavárez, 111.-- Laura Sánchez, 115.-- Mildred del Pilar de los Santos, 121.-- Elly E. Alcántara P., 125.-- Clara Mercado, 129.-- Orly Diane Rodríguez, 133.-- Roxana Delgado, 139.-- Ruth Rodríguez, 143.-- Yirbett Joseph V., 147.-- Eulogio Javier, 151.-- Rodolfo Báez, 155.-- Niurca Herrera, 161.-- Francis Santos, 165.-- Ana Rosa Pérez, 169.-- Basilio Belliard, 175.
590 ## - NOTA LOCAL (RLIN)
Nota local Inventariado, 2025/ YL
650 #0 - PUNTO DE ACCESO ADICIONAL DE MATERIA--TÉRMINO DE MATERIA
Término de materia o nombre geográfico como elemento de entrada Literatura dominicana.
9 (RLIN) 67
700 12 - PUNTO DE ACCESO ADICIONAL--NOMBRE DE PERSONA
Nombre de persona Zavala, Lauro,
Término indicativo de función/relación prologuista
Código de función/relación pr.
9 (RLIN) 11929
910 ## - DATOS DE OPCIÓN DEL USUARIO (OCLC)
Datos de opción del usuario YLockward. Validado. Control de Calidad/MAA
942 ## - ELEMENTOS DE PUNTO DE ACCESO ADICIONAL (KOHA)
Fuente del sistema de clasificación o colocación Dewey Decimal Classification
Tipo de ítem Koha Libro
Holdings
Estado de retiro Estado de pérdida Fuente del sistema de clasificación o colocación Restricciones de uso No para préstamo Código de colección Localización permanente Ubicación/localización actual Ubicación en estantería Fecha de adquisición Fuente de adquisición Total de préstamos Signatura topográfica completa Código de barras Fecha visto por última vez Número de copia Tipo de ítem Koha Precio válido a partir de Nota pública
    Dewey Decimal Classification Préstamo en sala   Dominicana de Servicio Biblioteca Nacional Pedro Henríquez Ureña Biblioteca Nacional Pedro Henríquez Ureña Depósito 17.10.2016 Deposito Legal   BNPHU DS RD863.44 M664 20451-30 25.06.2020 e.3 Libro    
    Dewey Decimal Classification Excluido de préstamo   Patrimonio Dominicano Biblioteca Nacional Pedro Henríquez Ureña Biblioteca Nacional Pedro Henríquez Ureña Depósito 17.10.2016 Deposito Legal   BNPHU PD RD863.44 M664 20451-10 25.06.2020   Libro    
    Dewey Decimal Classification Excluido de préstamo   Patrimonio Dominicano Biblioteca Nacional Pedro Henríquez Ureña Biblioteca Nacional Pedro Henríquez Ureña Depósito 17.10.2016 Deposito Legal   BNPHU PD RD863.44 M664 20451-20 25.06.2020 e.2 Libro    
    Dewey Decimal Classification Excluido de préstamo   Dominicana de Servicio Biblioteca Nacional Pedro Henríquez Ureña Biblioteca Nacional Pedro Henríquez Ureña Depósito 17.10.2016 Donado por la Presidencia de la República Dominicana 2023.   BNPHU DS RD863.44 M664 2025-0558 29.01.2025 e.4 Libro 29.01.2025 Perteneció a la biblioteca personal de René Rodríguez Soriano
    Dewey Decimal Classification Préstamo en sala   Dominicana de Servicio Biblioteca Nacional Pedro Henríquez Ureña Biblioteca Nacional Pedro Henríquez Ureña Depósito 20.03.2025 Donado por Mónica Despradel   BNPHU DS RD863.44 M664 2025-3193 10.04.2025 e.5 Libro 10.04.2025  

Powered by Koha